[Event "MCR mladeze 2019 - H16"]
[Site "Kouty nad Desnou"]
[Date "2019.03.11"]
[Round "4"]
[White "Kubice, Jakub"]
[Black "Hurtik, Matej"]
[Result "0-1"]
[WhiteElo "1605"]
[BlackElo "1959"]
[EventDate "2019.03.09"]

1. d4 c5 2. e3 d5 3. Nf3 Nc6 4. c3 Nf6 5. g3 Bg4 6. Bg2 e6 7. O-O Be7 8. Nbd2 O-O
9. h3 Bh5 10. Re1 Ne4 11. g4 Bg6 12. Ne5 Nxe5 13. dxe5 Nxd2 14. Qxd2 Qc7 15. f4
Rfd8 16. b3 c4 17. Bb2 Rac8 18. Qf2 Bd3 19. b4 Rf8 20. Qg3 f6 21. exf6 Rxf6 22.
g5 Rf7 23. h4 Bd6 24. Bc1 Rcf8 25. a3 Kh8 26. Ra2 e5 27. Rf2 exf4 28. exf4 Re7
29. Rxe7 Qxe7 30. Qe3 Qd7 31. Bd2 Qg4 32. Qxa7 b5 33. Qb7 Bb8 34. Qxb5 Ba7 35.
Qxd5 Qd1+ 36. Kh2 Bxf2 0-1

[Event "MCR mladeze 2019 - FIDE Open"]
[Site "Kouty nad Desnou"]
[Date "2019.03.11"]
[Round "4"]
[White "Sikorova, Olga"]
[Black "Hanl, Frantisek"]
[Result "1/2-1/2"]
[WhiteElo "2241"]
[BlackElo "2137"]
[EventDate "2019.03.09"]

1. c4  e5  2. g3  Nc6
3. Bg2  g6  4. Nc3
Bg7  5. d3  d6
6. e4  f5  7. Nge2  Nf6
8. O-O  O-O  9. Nd5
Be6  10. Bg5  Qd7
11. Qd2  Nh5  12. exf5
Bxf5  13. Rae1  Rae8
14. b4  Nd8  15. Bxd8
Rxd8  16. b5  Bg4
17. Qe3  c5  18. bxc6
bxc6  19. Nb4  Rc8
20. Rb1  a5  21. Nc2
d5  22. f3  Be6
23. d4  dxc4  24. dxe5  Qd3
25. Ned4  Bd5  26. Rfd1
Qxe3+  1/2-1/2

[Event "MCR mladeze 2019 - FIDE Open"]
[Site "Kouty nad Desnou"]
[Date "2019.03.11"]
[Round "4"]
[White "Londin, Simon"]
[Black "Pycha, Patrik"]
[Result "1-0"]
[WhiteElo "2125"]
[BlackElo "2027"]
[EventDate "2019.03.09"]

1. d4  d5  2. Nc3  e6
3. Bf4  Bd6  4. Bg3
Nf6  5. e3  c6
6. Bd3  Bxg3  7. hxg3  Nbd7
8. f4  c5  9. Nf3
c4  10. Be2  Ng4
11. Qd2  Ndf6  12. Ne5
Nxe5  13. dxe5  Nd7
14. e4  Nb6  15. O-O-O
O-O  16. exd5  exd5
17. Nxd5  Be6  18. Bf3
Nxd5  19. Bxd5  Bg4
20. Bf3  Bxf3  21. Qxd8
Raxd8  22. gxf3  b5
23. Rxd8  Rxd8  24. Rd1
Ra8  25. Rd6  Kf8
26. Kd2  Ke7  27. Kc3
f6  28. Kb4  fxe5
29. fxe5  Rf8  30. f4
g5  31. Rh6  gxf4
32. Rxh7+  Ke6  33. gxf4
Rxf4  34. Kxb5  a6+
35. Kb4  Kxe5  36. Ra7
Kd4  37. c3+  Kd3
38. Rxa6  Kc2  39. Rh6
Rf2  40. b3  Kb2
41. bxc4  Kxa2  42. c5
1-0

[Event "MCR mladeze 2019 - FIDE Open"]
[Site "Kouty nad Desnou"]
[Date "2019.03.11"]
[Round "4"]
[White "Bochnicka, Vladimir"]
[Black "Nagy, Ladislav"]
[Result "1-0"]
[WhiteElo "2149"]
[BlackElo "1923"]
[EventDate "2019.03.09"]

1. e4  c5  2. Nf3  Nc6
3. d4  cxd4  4. Nxd4
e6  5. g3  d6
6. Bg2  a6  7. O-O  Bd7
8. Be3  Nf6  9. Nc3
Be7  10. f4  Qc7
11. Nb3  O-O  12. Qe2
b5  13. a3  Rac8
14. g4  Be8  15. g5
Nd7  16. Bh3  Nc5
17. f5  exf5  18. exf5
f6  19. g6  hxg6
20. fxg6  Bxg6  21. Nd5
Qb7  22. Bxc5  dxc5
23. Na5  Nd4  24. Nxe7+
Kf7  25. Nxb7  Nxe2+
26. Kf2  Rc7  27. Nxg6
Kxg6  28. Kxe2  Rxb7
29. Rg1+  Kf7  30. Rad1
Rh8  31. Rg3  Rh5
32. Kf2  Re5  33. Rd7+
Rxd7  34. Bxd7  Rd5
35. Rd3  1-0

[Event "MCR mladeze 2019 - FIDE Open"]
[Site "Kouty nad Desnou"]
[Date "2019.03.11"]
[Round "4"]
[White "Langner, Ladislav"]
[Black "Stastny, Jakub"]
[Result "1-0"]
[WhiteElo "2382"]
[BlackElo "1785"]
[EventDate "2019.03.09"]

1. e4  e6  2. d4  d5
3. e5  c5  4. c3
Qb6  5. Nf3  Nc6
6. Be2  cxd4  7. cxd4
Nge7  8. Na3  Nf5
9. Nc2  Be7  10. O-O
O-O  11. Rb1  f6
12. g4  Nh6  13. exf6
Rxf6  14. g5  Rg6
15. h4  e5  16. h5
Re6  17. gxh6  exd4
18. Nfxd4  Nxd4  19. Qxd4
Rg6+  20. hxg6  Qxg6+
21. Kh1  Bf6  22. Qxd5+
Kh8  23. Rg1  1-0

[Event "MCR mladeze 2019 - FIDE Open"]
[Site "Kouty nad Desnou"]
[Date "2019.03.11"]
[Round "4"]
[White "Vlkova, Anezka"]
[Black "Kubicek, Antonin"]
[Result "0-1"]
[WhiteElo "1951"]
[BlackElo "2111"]
[EventDate "2019.03.09"]

1. e4  e6  2. d4  d5
3. Nc3  Nf6  4. e5
Nfd7  5. f4  c5
6. Nf3  Nc6  7. Be3  cxd4
8. Nxd4  Bc5  9. Be2
O-O  10. O-O  Nxd4
11. Bxd4  Qb6  12. Bxc5
Qxc5+  13. Kh1  f6
14. Bg4  Nb6  15. Qd3
f5  16. Be2  Bd7
17. a4  a6  18. a5
Nc4  19. b4  Qe7
20. Rfb1  Rac8  21. Rb3
Kh8  22. Qd4  Rg8
23. Na4  Bxa4  24. Rxa4
g5  25. g3  gxf4
26. gxf4  Qh4  27. Ra1
Rg6  28. Bf1  Rcg8
29. Bh3  Qe7  30. b5
Qg7  31. bxa6  bxa6
32. Rbb1  Rg2  33. c3
Rxh2+  0-1

[Event "MCR mladeze 2019 - FIDE Open"]
[Site "Kouty nad Desnou"]
[Date "2019.03.11"]
[Round "4"]
[White "Janik, Marek Tobias"]
[Black "Kupsa, Matej"]
[Result "1/2-1/2"]
[WhiteElo "1676"]
[BlackElo "1987"]
[EventDate "2019.03.09"]

1. c4  e5  2. Nc3  g6
3. Nf3  Bg7  4. g3
c5  5. Bg2  d6
6. O-O  Nc6  7. d3  f5
8. e4  Nf6  9. Bg5
O-O  10. Nd5  Be6
11. Qd2  fxe4  12. Bxf6
Bxf6  13. dxe4  Ne7
14. Nxf6+  Rxf6  15. Rfd1
Bg4  16. Qg5  Rxf3
17. Qxg4  Rf6  18. f4
Nc6  19. fxe5  Nxe5
20. Qe2  Qe7  21. Rf1
Raf8  22. Rxf6  1/2-1/2

[Event "MCR mladeze 2019 - FIDE Open"]
[Site "Kouty nad Desnou"]
[Date "2019.03.11"]
[Round "4"]
[White "Janouch, Jachym Stepan"]
[Black "Lorenc, Tomas"]
[Result "0-1"]
[WhiteElo "1675"]
[BlackElo "2173"]
[EventDate "2019.03.09"]

1. e4  d5  2. exd5  Qxd5
3. Nc3  Qa5  4. d4
Nf6  5. Nf3  Bg4
6. h3  Bh5  7. g4
Bg6  8. Ne5  e6
9. h4  Nbd7  10. Nc4  Qa6
11. Rh3  Bb4  12. h5
Bxc3+  13. Rxc3  Be4
14. g5  Nd5  15. Rb3
Qc6  16. c3  O-O
17. Na5  Qd6  18. Nxb7
Qh2  19. Qe2  f5
20. c4  Nf4  21. Qd2
Ng2+  22. Bxg2  Qxg2
23. f3  Qh1+  24. Kf2
Nb6  25. Na5  Rad8
26. Qe1  Qh2+  27. Kf1
Rxd4  28. Qf2  Qh1+
29. Ke2  Qd1+  30. Ke3
f4# 0-1

[Event "MCR mladeze 2019 - FIDE Open"]
[Site "Kouty nad Desnou"]
[Date "2019.03.11"]
[Round "4"]
[White "Sojma, Zdenek"]
[Black "Bares, Jachym"]
[Result "0-1"]
[WhiteElo "1841"]
[BlackElo "2022"]
[EventDate "2019.03.09"]

1. c4  e5  2. Nc3  Nf6
3. Nf3  Nc6  4. g3
d5  5. cxd5  Nxd5
6. d3  Be7  7. Bg2
Nb6  8. O-O  O-O
9. Ne1  Be6  10. f4
Bc5+  11. Kh1  Qd7
12. Nf3  exf4  13. Bxf4
Nd5  14. Nxd5  Bxd5
15. Qc1  Bb6  16. a3
Nd4  17. Nxd4  Bxg2+
18. Kxg2  Qxd4  19. Qc3
Qd5+  20. e4  Qh5
21. Rae1  Rad8  22. Be3
Rd6  23. Rf5  Qg6
24. Rg5  Qh6  25. Bf4
Rc6  26. Qd2  Qe6
27. Rd5  f6  28. Be3
Rd6  29. Rxd6  Qxd6
30. Bxb6  Qxb6  31. Qc3
Rd8  32. Qc4+  Kh8
33. Re2  h6  34. Qc3
Qb5  35. Rd2  c6
36. b3  Qg5  37. Re2
Re8  38. Qd2  Qb5
39. Qc3  f5  40. a4
Qb6  41. e5  c5
42. Qc4  Qc6+  43. Kg1  Re6
44. Qc3  Qf3  45. Qd2
Qd5  46. Qc3  b6
47. Re3  Kh7  48. Re2
a6  49. Re3  b5
50. axb5  axb5  51. Re2  b4
52. Qc4  Rxe5  53. Rxe5
Qxe5  54. Kf2  Qb2+
55. Kf3  Qe5  56. h4
Kg6  57. Qc2  Qd4
58. Kg2  f4  59. Qe2
Qd5+  60. Kf2  fxg3+
61. Kxg3  Qxb3  62. Qe4+
Kf7  63. Qf5+  Kg8
64. Qc8+  Kh7  65. Qf5+
Kh8  66. Qf8+  Qg8
67. Qxc5  Qb8+  68. Kg4
b3  69. Qc1  b2
70. Qb1  Qb4+  71. Kf5  Qc5+
72. Kg6  Qd6+  73. Kf5
Qd5+  74. Kf4  Qd4+
75. Kf5  Kh7  76. h5
Qc5+  77. Ke6  Qc1
0-1

[Event "MCR mladeze 2019 - FIDE Open"]
[Site "Kouty nad Desnou"]
[Date "2019.03.11"]
[Round "4"]
[White "Malinovsky, Petr"]
[Black "Gemsa, Pavel"]
[Result "1-0"]
[WhiteElo "2007"]
[BlackElo "1884"]
[EventDate "2019.03.09"]

1. d4  f5  2. Nc3  Nf6
3. Bf4  e6  4. a3
d5  5. Qd2  Bd6
6. Nf3  O-O  7. Ne5  Bxe5
8. dxe5  Ne4  9. Nxe4
fxe4  10. O-O-O  c5
11. f3  Nc6  12. fxe4
d4  13. e3  Qc7
14. Bc4  Na5  15. Ba2  b5
16. Rhf1  Nc6  17. Bg3
Bd7  18. exd4  cxd4
19. Kb1  a5  20. Bf2
b4  21. a4  Rac8
22. Bb3  Rfd8  23. Qg5
h6  24. Qh5  Rf8
25. g4  Rf7  26. Bg3
Rcf8  27. Rxf7  Rxf7
28. g5  hxg5  29. Qxg5
Bc8  30. h4  Qe7
31. Qxe7  Rxe7  32. Bf2
Nxe5  33. Bxd4  Nc6
34. Bc5  Re8  35. Rd6
Nd8  36. Bb6  Nb7
37. Rc6  Kh7  38. Bc4
Kh6  39. Ba6  g6
40. Rc7  Nd6  41. Be2
Nb7  42. Be3+  g5
43. hxg5+  Kg6  44. Ba6
Nd6  45. Bd3  e5
46. Rc6  Re6  47. Bb6
Kxg5  48. Bxa5  Kf4
49. Bxb4  Nxe4  50. Rxe6
Bxe6  51. a5  Nf2
52. Bb5  Bd5  53. a6
e4  54. Bd7  Bc4
55. Bc8  Bxa6  56. Bxa6
e3  57. Be2  Ne4
58. Kc1  Kg3  59. Kd1
Kf2  60. Be7  1-0

[Event "MCR mladeze 2019 - FIDE Open"]
[Site "Kouty nad Desnou"]
[Date "2019.03.11"]
[Round "4"]
[White "Balin, Daniel"]
[Black "Lajbl, Jan"]
[Result "1/2-1/2"]
[WhiteElo "1811"]
[BlackElo "1966"]
[EventDate "2019.03.09"]

1. d4  d5  2. Nf3  e6
3. c4  c5  4. Bg5
Nf6  5. e3  cxd4
6. exd4  Be7  7. Nc3
O-O  8. cxd5  Nxd5
9. Bxe7  Qxe7  10. Bc4
Nd7  11. O-O  N5b6
12. Bb3  Nf6  13. Re1
Rd8  14. Qe2  Qb4
15. Rad1  Nbd5  16. Nxd5
Nxd5  17. Qe5  Qd6
18. Rc1  Nf6  19. Rc7
Ne8  20. Rc3  Bd7
21. d5  exd5  22. Bxd5
Qxe5  23. Nxe5  Nd6
24. Rc7  Be8  25. Bxb7
Rab8  26. Bd5  Rxb2
27. Rxa7  Nb5  28. Nxf7
Bxf7  29. Bxf7+  Kf8
30. Rb7  Re2  31. Rb1
Nd6  32. Bh5  Re5
33. Rb8  Rxb8  34. Rxb8+
Ke7  35. g4  g6
36. Rh8  Kf6  37. Rxh7  Re1+
38. Kg2  gxh5  39. Rxh5
Re2  40. a4  Ra2
41. Ra5  Ne4 42. Rf5+  Kg6
43. a5  Nd6  44. Rc5
Ne4  45. Rf5  Nd6
46. Rd5  Ne4  47. Kf3
Nxf2  48. h4  Nh3
49. Rf5  Ng1+  50. Ke4
Ra4+  51. Kd3  Nh3
52. h5+  Kg7  53. g5
Nf4+  54. Kc3  Nxh5
55. Kb3  Ra1  56. Kb4
Kg6  57. Rc5 1/2-1/2

[Event "MCR mladeze 2019 - FIDE Open"]
[Site "Kouty nad Desnou"]
[Date "2019.03.11"]
[Round "4"]
[White "Skalka, Jan"]
[Black "Klubal, Jiri"]
[Result "1-0"]
[WhiteElo "1904"]
[BlackElo "1791"]
[EventDate "2019.03.09"]

1. e4  c5  2. c3  d5
3. exd5  Qxd5  4. d4
Nf6  5. Nf3  Bg4
6. Be2  e6  7. O-O
Nc6  8. h3  Bh5
9. Na3  a6  10. c4  Qd6
11. Nc2  cxd4  12. g4
Bg6  13. Ncxd4  Be7
14. Nxc6  Qxc6  15. Ne5
Qd6  16. Bf4  Qxd1
17. Rfxd1  Rd8  18. Rxd8+
Kxd8  19. h4  Rf8
20. h5  Be4  21. Rd1+
Kc8  22. g5  Ng8
23. Nd7  b5  24. Nxf8
Bxf8  25. cxb5 1-0

[Event "MCR mladeze 2019 - FIDE Open"]
[Site "Kouty nad Desnou"]
[Date "2019.03.11"]
[Round "4"]
[White "Broz, Petr"]
[Black "Cibikova, Sofia Anna"]
[Result "1-0"]
[WhiteElo "1883"]
[BlackElo "1812"]
[EventDate "2019.03.09"]

1. e4  c5  2. b4  cxb4
3. a3  e6  4. axb4
Bxb4  5. c3  Be7
6. d4  d6  7. f4
Nf6  8. Bd3  Nc6
9. e5  dxe5  10. fxe5
Nd5  11. Qg4  g6
12. Bh6  Qb6  13. Qe2
Nxd4  14. cxd4  Qxd4
15. Ra4  Bb4+  16. Bd2
Bd7  17. Bb5  a6
18. Bxd7+  Kxd7  19. Bxb4
b5  20. Nf3  Qf4
21. Qd2  Qe4+  22. Kf2
bxa4  23. Bd6  Rac8
24. Na3  Rc3  25. Re1
Qf5  26. Qd4  Rhc8
27. Qxa4+  R8c6  28. Rb1
Qd3  29. Rb7+  Kc8
30. Rb8+  Kd7  31. Rb7+
Kc8  32. Rxf7  Qe3+
33. Kg3  Qg5+  34. Qg4
Qxg4+  35. Kxg4  Ne3+
36. Kg5  Rxd6  37. exd6
Rxa3  38. Nd4  Ra5+
39. Kf6  Rd5  40. Rc7+
Kb8  41. Nc6+  1-0

[Event "MCR mladeze 2019 - FIDE Open"]
[Site "Kouty nad Desnou"]
[Date "2019.03.11"]
[Round "4"]
[White "Cipl, Jan"]
[Black "Novotna, Tereza"]
[Result "0-1"]
[WhiteElo "1626"]
[BlackElo "1846"]
[EventDate "2019.03.09"]

1. e4  c5  2. Nf3  Nc6
3. d4  cxd4  4. Nxd4
g6  5. Nc3  Bg7
6. Be3  Nf6  7. Bc4  O-O
8. f3  Qb6  9. Qd2
Nxe4  10. fxe4  Bxd4
11. Bxd4  Qxd4  12. Qxd4
Nxd4  13. O-O-O  Nc6
14. h4  d6  15. Rdg1
Bg4  16. Be2  Bxe2
17. Nxe2  Rac8  18. g4
Ne5  19. g5  Nd3+
20. Kb1  Nf2  21. Rh2
Nxe4  22. Nf4  e6
23. h5  Rc5  24. hxg6
hxg6  25. Nh3  Kg7
26. Rg4  Rf5  27. c3
d5  28. Rhg2  Rh8
29. Nf4  Nxg5  0-1

[Event "MCR mladeze 2019 - FIDE Open"]
[Site "Kouty nad Desnou"]
[Date "2019.03.11"]
[Round "4"]
[White "Stocek, Martin"]
[Black "Dejmal, Ondrej"]
[Result "0-1"]
[WhiteElo "1704"]
[BlackElo "1557"]
[EventDate "2019.03.09"]

1. d4  d5  2. c4  e6
3. Nc3  Nf6  4. Bg5
Be7  5. e3  O-O
6. Nf3  h6  7. Bf4  b6
8. Rc1  c5  9. Be2
Bb7  10. O-O  Nbd7
11. Ne5  cxd4  12. exd4
Rc8  13. cxd5  Nxd5
14. Nxd5  Bxd5  15. Rxc8
Qxc8  16. Bf3  Qb7
17. Bxd5  Qxd5  18. Nxd7
Qxd7  19. Be3  Rd8
20. Qg4  Kh7  21. Rc1
Bf6  22. g3  Qd5
23. b3  Rd7  24. h4
a5  25. Rc4  Rd6
26. Qe2  Qb7  27. Bf4
Rd7  28. Be5  Bxe5
29. Qc2+  g6  30. h5
Bxd4  31. Qe2  Bxf2+
32. Kxf2  Qd5  33. hxg6+
fxg6  34. Rf4  Qd2
35. Qxd2  Rxd2+  36. Ke3
Rxa2  37. Rf7+  Kg8
38. Rb7  Ra3  39. Rxb6
a4  40. Rxe6  Rxb3+
41. Kf4  Kf7  42. Ra6
Rb4+  43. Kf3  h5
44. Ra7+  Kf6  45. Ra6+
Kg5  46. Ra5+  Kh6
47. Ra6  Rb3+  48. Kg2
Rb4  49. Kh3  Kg5
50. Ra5+  Kf6  51. Ra6+
Kg5  52. Ra5+  Kh6
53. Ra6  Rg4  54. Rb6
Kg5  55. Rb5+  Kf6
56. Rd5  Ke6  57. Rd8
Ke5  58. Rd7  Ke4
59. Rd6  Ke3  60. Rd5
Kf3  61. Rd3+  Ke2
62. Rd6  Ke3  63. Rd8
Ke4  64. Rd7  Ke5
65. Rd8  Ke6  66. Rd3
Rg5  67. Kh4  Ra5
68. Ra3  Kd5  69. Kg5
Kc4+  70. Kxg6  Kb4
71. Ra1  a3  72. Kh6
Kb3  73. Rf1  a2
74. Rf3+  Kc4  75. Rf4+
Kd3  76. Rf1 a1=Q  77. Rxa1
Rxa1  78. Kxh5  Ke4
79. Kg5  Ra8  80. g4
Rg8+  81. Kh5  Kf4
0-1

[Event "MCR mladeze 2019 - FIDE Open"]
[Site "Kouty nad Desnou"]
[Date "2019.03.11"]
[Round "4"]
[White "Rakovsky, Jakub"]
[Black "Vaculik, Martin"]
[Result "0-1"]
[WhiteElo "1727"]
[BlackElo "1562"]
[EventDate "2019.03.09"]

1. e4  c5  2. Nf3  d6
3. d4  cxd4  4. Nxd4
Nf6  5. Nc3  g6
6. Be3  Bg7  7. Qd2  Ng4
8. Bg5  h6  9. Bh4
Nc6  10. Nxc6  bxc6
11. h3  Nf6  12. Bc4
Rb8  13. Bb3  O-O
14. O-O-O  Qc7  15. Bxf6
Bxf6  16. Qxh6  Bg7
17. Qe3  Qb7  18. h4
c5  19. h5  Be6
20. h6  Bf6  21. h7+  Kh8
22. f4  c4  23. e5
cxb3  24. exf6  bxc2
25. Kxc2  Qxb2+  26. Kd3 Bf5+
27. Ne4  Qa3+  28. Ke2
Bg4+  29. Kf2  Qxe3+ 30. Kxe3
Bxd1  31. fxe7  Rfe8
32. Rxd1  Rxe7  33. Kf3
Kxh7  34. Rxd6  Kg7
35. g4  Rb6  36. Rd4
Rb2  37. f5  gxf5
38. gxf5  f6  39. Rd6
Rb6  40. Rd2  Ra6
41. Rg2+  Kf7  42. Rg6
Re5  43. Kf4  Rxf5+
0-1

[Event "MCR mladeze 2019 - FIDE Open"]
[Site "Kouty nad Desnou"]
[Date "2019.03.11"]
[Round "4"]
[White "Hradek, Matyas"]
[Black "Kanka, Matej"]
[Result "0-1"]
[WhiteElo "1477"]
[BlackElo "1975"]
[EventDate "2019.03.09"]

1. e4  d6  2. d4  Nf6
3. Nc3  g6  4. Be3
Bg7  5. Bc4  O-O
6. Qd2  Nc6  7. O-O-O
Ng4  8. d5  Nce5
9. Be2  Nxe3  10. Qxe3
c5  11. f4  Ng4
12. Qg3  Nh6  13. Nf3  Qa5
14. e5  Nf5  15. Qf2
Qb4  16. g3  dxe5
17. fxe5 Bh6+  18. Kb1  Ne3
19. Rd3  Nc4  20. b3
Bf5  21. Rdd1  Qxc3
22. Bxc4  Be3  23. Qe1
Bxc2#  0-1

[Event "MCR mladeze 2019 - FIDE Open"]
[Site "Kouty nad Desnou"]
[Date "2019.03.11"]
[Round "4"]
[White "Urbanova, Daniela"]
[Black "Jerabkova, Julia"]
[Result "1/2-1/2"]
[WhiteElo "1786"]
[BlackElo "1695"]
[EventDate "2019.03.09"]

1. e4  c6  2. d4  d5
3. Nd2  dxe4  4. Nxe4
Nd7  5. Nf3  Ngf6
6. Nxf6+  Nxf6  7. h3
g6  8. Bd3  Bg7
9. Be3  O-O  10. Qd2  Re8
11. O-O-O  b5  12. Bh6
Bh8  13. Kb1  a5
14. c4  Be6  15. Qc2
bxc4  16. Bxc4  Nd5
17. a3  Rb8  18. Ka1
c5  19. Be3  Qb6
20. Rd2  Rec8  21. Bxd5
cxd4  22. Qb3  Qa7
23. Qd3  dxe3  24. Bxe6
exd2  25. Bxc8  Rxc8
26. Qxd2  Qc5  27. Qe3
Bxb2+  28. Kxb2  Qc2+
29. Ka1  Rc3  30. Qxe7
Rb3  31. Qe8+  Kg7
32. Qe5+  Kh6  33. Qg5+
Kg7  34. Qe5+  f6
35. Qe7+  Kg8  1/2-1/2

[Event "MCR mladeze 2019 - Narodni open"]
[Site "Kouty nad Desnou"]
[Date "2019.03.11"]
[Round "3"]
[White "Holasek, Vojtech"]
[Black "Nguyen, Thai Dang Vi"]
[Result "1-0"]
[WhiteElo "1795"]
[BlackElo "1441"]
[EventDate "2019.03.09"]
[PlyCount "43"]

1. Nf3 Nf6 2. c4 e6 3. b3 d5 4. Bb2 Bd6 5. g3 O-O 6. Bg2 c6 7. O-O Nbd7 8. Nc3
Qb6 9. Qc2 Re8 10. Rac1 dxc4 11. bxc4 Qc7 12. d4 c5 13. d5 e5 14. Nb5 Qb6 15.
a4 a6 16. a5 Qxa5 17. Nxd6 Rd8 18. Nxe5 Qc7 19. Nxd7 Bxd7 20. Bxf6 gxf6 21. Ne4
Bf5 22. Nxf6+ 1-0

[Event "MCR mladeze 2019 - Narodni open"]
[Site "Kouty nad Desnou"]
[Date "2019.03.11"]
[Round "3"]
[White "Mlynek, Stanislav"]
[Black "Hrabal, Matej"]
[Result "1/2-1/2"]
[WhiteElo "1441"]
[BlackElo "1789"]
[EventDate "2019.03.09"]
[PlyCount "127"]

1. e4 e5 2. Bc4 Nf6 3. d4 exd4 4. Nf3 Nc6 5. O-O Nxe4 6. Re1 d5 7. Bxd5 Qxd5 8.
Nc3 Qh5 9. Nxe4 Be6 10. Nxd4 Qxd1 11. Rxd1 O-O-O 12. Be3 Nxd4 13. Bxd4 f6 14.
Nxf6 Rxd4 15. Rxd4 gxf6 16. Re1 Bd7 17. Red1 Bd6 18. c4 Rd8 19. a3 Ba4 20. R1d2
Re8 21. g3 Bc6 22. Kf1 Re4 23. b4 Rxd4 24. Rxd4 Be8 25. f4 Bg6 26. Kf2 Be7 27.
Kf3 c5 28. bxc5 Bxc5 29. Rd5 b6 30. a4 Be8 31. Rf5 Be7 32. a5 Bf7 33. axb6 axb6
34. g4 Bxc4 35. g5 Be6 36. Rb5 Kc7 37. h4 Kc6 38. Rb2 fxg5 39. hxg5 Bf5 40. Ra2
Bc5 41. Ra7 Kd6 42. Rf7 Bg6 43. Rf6+ Kd5 44. Kg4 Bd3 45. f5 Be2+ 46. Kf4 Bd6+
47. Ke3 Bc4 48. g6 hxg6 49. Rxg6 Ke5 50. Kd2 Bc5 51. Kc3 Bf7 52. Rg7 Kf6 53.
Rh7 Bg8 54. Rh8 Kg7 55. Rh3 Ba2 56. Rf3 Kf6 57. Rf1 Bd5 58. Rd1 Be4 59. Kc4
Kxf5 60. Kb5 Ke5 61. Rd8 Bf5 62. Kc6 Be4+ 63. Kb5 Bf3 64. Rb8 1/2-1/2

[Event "MCR mladeze 2019 - Narodni open"]
[Site "Kouty nad Desnou"]
[Date "2019.03.11"]
[Round "3"]
[White "Havel, Kristian"]
[Black "Strapec, Lukas"]
[Result "1/2-1/2"]
[WhiteElo "1623"]
[BlackElo "1376"]
[EventDate "2019.03.09"]
[PlyCount "145"]

1. f4 d5 2. Nf3 c5 3. e3 g6 4. c3 Bg7 5. d4 cxd4 6. exd4 Nf6 7. Bd3 O-O 8. Nbd2
b6 9. Qe2 a5 10. O-O Ba6 11. Ne5 Bxd3 12. Qxd3 Qc7 13. f5 Nbd7 14. Ndf3 Ne4 15.
Bf4 Qb7 16. Nxd7 Qxd7 17. fxg6 fxg6 18. Qe3 Qg4 19. Ne5 Qc8 20. Bh6 Qe6 21.
Bxg7 Kxg7 22. c4 Nf6 23. cxd5 Nxd5 24. Qg5 Rf5 25. Rxf5 Qxf5 26. Qxf5 gxf5 27.
Rc1 Rd8 28. Kf2 Kf6 29. Rc6+ e6 30. a3 Nf4 31. g3 Nd5 32. Nc4 Rb8 33. Kf3 h5
34. Ne3 Nxe3 35. Kxe3 Kf7 36. d5 exd5 37. Kd4 Re8 38. Kxd5 Re2 39. Rxb6 Rxh2
40. Ke5 Rg2 41. Rf6+ Ke7 42. Rxf5 Rxb2 43. Kf4 a4 44. Ra5 Rf2+ 45. Ke3 Rg2 46.
Kf3 Rb2 47. Rxa4 Kf6 48. Rb4 Rc2 49. a4 Ra2 50. Rb6+ Kg7 51. Ra6 Ra3+ 52. Kg2
Kf7 53. Ra8 Ke7 54. a5 Kf7 55. a6 Kg6 56. a7 Kg7 57. Kh3 Ra4 58. Kg2 Ra3 59.
Kh3 Ra4 60. Kg2 Ra3 61. Kf2 Kh7 62. Ke2 Kg7 63. Kd2 Kh7 64. Kc2 Ra6 65. Kb3 Kg7
66. Kb4 Kh7 67. Kb5 Ra1 68. Kb6 Rb1+ 69. Ka6 Ra1+ 70. Kb5 Rb1+ 71. Ka4 Ra1+ 72.
Kb3 Ra6 73. Kb4 1/2-1/2

[Event "MCR mladeze 2019 - Narodni open"]
[Site "Kouty nad Desnou"]
[Date "2019.03.11"]
[Round "3"]
[White "Vojcak, Petr"]
[Black "Mikolas, Petr"]
[Result "0-1"]
[WhiteElo "1537"]
[BlackElo "1350"]
[EventDate "2019.03.09"]
[PlyCount "166"]

1. d4 Nf6 2. c4 e6 3. Nc3 b6 4. f3 Bb7 5. e4 d6 6. Be3 Be7 7. Bd3 O-O 8. Qc2 e5
9. d5 c6 10. Nge2 Nbd7 11. Qd2 Re8 12. g4 Nc5 13. Bc2 Na6 14. Ba4 Qc7 15. Ng3
Red8 16. Nf5 Bf8 17. Rc1 Nc5 18. Bc2 Rd7 19. h4 Ne8 20. h5 f6 21. Qg2 Rad8 22.
Kd2 Rf7 23. Rcg1 Rdd7 24. g5 fxg5 25. Bxg5 Kh8 26. Bh4 Nf6 27. Nh6 gxh6 28.
Bxf6+ Bg7 29. Bh4 Qc8 30. b4 Na6 31. a3 cxd5 32. Nxd5 Bxd5 33. cxd5 Rc7 34. Bd3
Rc3 35. Rc1 Rxc1 36. Rxc1 Nc7 37. Bb5 Qf8 38. Be2 Ne8 39. Rc8 Rc7 40. Qg4 Rxc8
41. Qxc8 Kg8 42. Qe6+ Qf7 43. Qxf7+ Kxf7 44. Bg3 Nf6 45. Bh4 Nxh5 46. Bd8 Nf4
47. Ba6 h5 48. Ke3 Bf6 49. Bxf6 Kxf6 50. Kf2 Kg5 51. Bf1 h4 52. Kg1 h3 53. Kh2
h6 54. Bb5 Kh4 55. Bf1 Ng2 56. Be2 Ne3 57. Bd3 Ng2 58. Bf1 h5 59. Be2 Kg5 60.
Kg3 h4+ 61. Kh2 Kf4 62. Kxh3 Ne1 63. Bd1 Nxf3 64. Bc2 Nd2 65. Kxh4 Nxe4 66. Kh3
Nc3 67. Kg2 Nxd5 68. Kf2 e4 69. Bd1 Nc3 70. Bh5 d5 71. Bf7 d4 72. Bb3 e3+ 73.
Ke1 d3 74. Kf1 d2 75. Bc2 d1=Q+ 76. Bxd1 Nxd1 77. Ke2 Nc3+ 78. Ke1 Kf3 79. Kf1
e2+ 80. Ke1 Nd1 81. a4 a6 82. b5 a5 83. Kd2 Kf2 0-1

[Event "MCR mladeze 2019 - Narodni open"]
[Site "Kouty nad Desnou"]
[Date "2019.03.11"]
[Round "3"]
[White "Dunda, Andrej"]
[Black "Dolensky, Stepan"]
[Result "1/2-1/2"]
[WhiteElo "1363"]
[BlackElo "1528"]
[EventDate "2019.03.09"]
[PlyCount "44"]

1. d4 Nf6 2. c4 c5 3. e3 e6 4. Nf3 b6 5. Nc3 Bb7 6. g3 a6 7. Bg2 Qc7 8. O-O Nc6
9. b3 Bd6 10. Re1 O-O-O 11. Ba3 h6 12. e4 Nxd4 13. Nxd4 cxd4 14. Bxd6 Qxd6 15.
e5 Qc7 16. Bxb7+ Qxb7 17. Qxd4 Ne8 18. Na4 Kc7 19. c5 b5 20. Nb6 Qc6 21. Rac1
Kb7 22. a4 Nc7 1/2-1/2

[Event "MCR mladeze 2019 - Narodni open"]
[Site "Kouty nad Desnou"]
[Date "2019.03.11"]
[Round "4"]
[White "Mikolas, Petr"]
[Black "Holasek, Vojtech"]
[Result "0-1"]
[WhiteElo "1350"]
[BlackElo "1795"]
[EventDate "2019.03.09"]
[PlyCount "50"]

1. d4 d5 2. c4 e6 3. Nc3 Nf6 4. e3 Bd6 5. cxd5 exd5 6. Nf3 Bg4 7. Be2 O-O 8.
O-O Nbd7 9. Nd2 Bxe2 10. Qxe2 c6 11. b3 Qc7 12. g3 Rae8 13. Qf3 Re6 14. Bb2
Rfe8 15. Rfe1 Bb4 16. a3 Bxc3 17. Bxc3 Ne4 18. Nxe4 Rxe4 19. Re2 Nf6 20. h3 Qd7
21. Qg2 Qf5 22. Rae1 R4e6 23. f3 Qd3 24. Bb2 Rxe3 25. Kf2 Rxe2+ 0-1

[Event "MCR mladeze 2019 - Narodni open"]
[Site "Kouty nad Desnou"]
[Date "2019.03.11"]
[Round "4"]
[White "Durovka, Marek"]
[Black "Gemsova, Tereza"]
[Result "1-0"]
[WhiteElo "1478"]
[BlackElo "1459"]
[EventDate "2019.03.09"]
[PlyCount "127"]

1. d4 d5 2. Nf3 Nf6 3. Bf4 Bf5 4. e3 Nh5 5. Bg3 Nxg3 6. hxg3 c5 7. Bd3 Bxd3 8.
Qxd3 c4 9. Qd1 e6 10. c3 Nc6 11. Qc2 g6 12. Nbd2 b5 13. b3 Na5 14. O-O Rc8 15.
Rfc1 Ba3 16. Rcb1 cxb3 17. axb3 Bb4 18. c4 dxc4 19. bxc4 Bxd2 20. Nxd2 Nxc4 21.
Nxc4 bxc4 22. Rxa7 O-O 23. Rb4 Qd5 24. Raa4 c3 25. Ra3 e5 26. Rxc3 Rcd8 27. Rc5
Qd6 28. Kf1 exd4 29. Rxd4 Qa6+ 30. Rdc4 Rc8 31. Qe2 Rb8 32. f4 Rfe8 33. Rc3
Qa1+ 34. Kf2 Rb2 35. Rc2 Rb3 36. Rc8 Qa4 37. Qc4 Rxc8 38. Qxc8+ Kg7 39. Qc4 Rb4
40. Qc3+ Kg8 41. Rd2 Rb8 42. Qf6 Qa5 43. Rd7 Qa2+ 44. Kf3 Qa8+ 45. Kg4 Rf8 46.
Rd2 h5+ 47. Kg5 Kh7 48. f5 Qa5 49. Rd4 Qxf5+ 50. Qxf5 gxf5 51. Kxh5 Re8 52. Rd3
f6 53. g4 fxg4 54. Kxg4 Kg6 55. Kf4 Re5 56. e4 Kf7 57. Rd5 Re8 58. Kf5 Re7 59.
g4 Kg7 60. Ra5 Kf7 61. Ra1 Re5+ 62. Kf4 Kg6 63. Rh1 Rg5 64. Rh5 1-0